| 000 | 00568nam a2200169 i 4500 | ||
|---|---|---|---|
| 001 | 97641 | ||
| 003 | ES-MaACL | ||
| 005 | 20230906182134.0 | ||
| 007 | t| | ||
| 008 | 050715s1979 sp ||||1| spa d | ||
| 100 | 1 |
_aMarghescou, Mircea. _976626 |
|
| 245 | 1 | 3 |
_aEl concepto de literariedad _b: ensayo sobre las posibilidades teóricas de una ciencia de la literatura / _cMircea Marghescou; versión española Laura Cobos. |
| 260 |
_aMadrid : _bTaurus, _c1979. |
||
| 300 |
_a125 p. ; _c21 cm. |
||
| 700 | 1 |
_aCobos, Laura. _939366 |
|
| 852 |
_aES-MaACL _jA-10623 _bR.99808 |
||
| 999 |
_c97641 _d97641 |
||